Quizzes
Events
Quiz Creation
Community
Videos
Private Events
Remove Ads
Sign In
Join for FREE
Feedback
Dark Mode
Quiz Categories
Sports
Geography
Music
Movies
Television
Just For Fun
Miscellaneous
History
Literature
Language
Science
Gaming
Entertainment
Religion
Holiday
For Kids
Quiz Lab
Recent
Popular Today
Quiz Kudos Today
Editor Picks
Curator Picks
Quizzes by...
Day
Popularity
Type
Ratings
Length
Year
Community
Subscriptions
Recent Discussions
Orange Saloon
Badges
Playlists
Quests
Create
Leaderboards
Showdown
Live 5
Trivia Bingo
Activity
Puzzle Library
Sporcle Events
Private Events
Virtual Trivia
Globe League
Become a Host
Pub Owners
SporcleCon
Opinionation
Our Games
Videos
Blog
Mobile Apps
Partnerships
Remove Ads and Go Orange
Feedback
Science
Computer
Plants
Astronomy
Chemistry
Elements
Math
Animal
Physics
Anatomy
Biology
Geology
General Science
Science
Computer
Plants
Astronomy
Chemistry
Elements
Math
Animal
Physics
Anatomy
Biology
Geology
General Science
Random Quiz
Search Sporcle
×
Quiz Lab
Quiz Lab
Science
2011
Type in answers that appear in a list
Type in answers that appear in a list
Classic
Best Score? Go Orange.
Russell Block 3 Spring 2011 Part 2 Stats
Can you name the Russell Block 3 Spring 2011 ?
By
babydoctor
20m
33 Questions
12 Plays
12 Plays
12 Plays
Comments
Comments
Give Quiz Kudos
Give Quiz Kudos
-
- Ratings
hide this ad
Forced Order
Answers have to be entered in order
Answers have to be entered in order
Random Order
Randomize order of answers
Randomize order of answers
Replay
Link that replays current quiz
Next Quiz
Link to next quiz in quiz playlist
You Got
0%
They Got
Avg Score
40%
Avg Friend Score
Upgrade to see
Score Distribution
Jump to the score distribution portion of the page
Score
0/33
Timer
20:00
0
Plays Today
Question
Answer
% Correct
Replacement of one type of epithelium by another.
Metaplasia
66.7%
Highly malignant tumor associated with asbestos exposure. Poor prognosis. Psammoma bodies.
Mesothelioma
66.7%
Tumor of the urinary bladder and collecting system that is almost invariably benign. Frond-
like structures with a delicate fibrovascular core, lined by normal urothelium.
Papilloma
66.7%
Most common primary kidney tumor in children and the 3rd most common tumor in children less than 10yo. Large abdominal mass is the usual presenting symptom.
Wilms tumor
66.7%
Uncommon idiopathic systemic granulomatous disease. Often affects the lungs and causes respiratory insufficiency. Lesions are non-
caseating granulomas without identifiable organism
Sarcoidosis
58.3%
Large Cell Undifferentiated Carcinoma is often widely disseminated at the time of diagnosis. Aggressive tumors with _
_
_
_
_
_
prognosis.
poor
58.3%
Neuroendocrine origin. The most malignant of all lung tumors. Usually central. Strongly associated with smoking. Patients often older than average lung cancer patients.
Small Cell Lung Carcinoma (SCLC)
58.3%
Small Cell Lung Carcinoma survival even with treatment is less than _
_
_
_
_
year.
1
58.3%
_
_
_
_
_
_
_
Cell Carcinoma: More common in males than females. Usually centrally located, gray-
white bronchial mass. Often leads to bronchial obstruction.
Squamous
50%
_
_
_
_
_
_
Carcinoma: EBV is found in close to 100% of cases. Rare. high frequency in Chinese people.
Nasopharyngeal
50%
70-
80% of all renal cell carcinomas. High fat content in the tumor cells gives the tumor a yellow-
orange color. Richly vascular stroma.
Clear Cell Carcinoma
50%
_
_
_
_
_
_
_
tumor: Apical lung cancer in the superior pulmonary sulcus invades nerves around trachea including the cervical sympathetic plexus. Causes severe pain in the distribution o
Pancoast
41.7%
May have a biphasic pattern with epithelial appearing carcinomatous and fibrous-
appearing sarcomatous elements. Iron-
coated asbestos body in Broncho-
alveolar lavage.
Mesothelioma
41.7%
Another name for transitional epithelium.
Urothelium
41.7%
The most common benign solid renal tumor. Originate in the intercalated cells of the renal collecting ducts. Characteristic mahogany brown color.
Oncocytoma
41.7%
Benign tumor with an admixture of thick-
walled vessels, mature fat, and smooth muscle. Presenting symptoms are flank pain due to intra-
tumor hemorrhage.
Renal angiomyolipoma
41.7%
Diffuse damage to alveolar capillary walls. The underlying mechanism is an imbalance of pro and antiinflammatory mediators.
Diffuse Alveolar Damage (DAD)
33.3%
Question
Answer
% Correct
Diseases induced by inorganic and organic particulates and chemical fumes and vapors. Development depends on the amount of dust retained in the airways and lung parenchyma.
Pneumoconioses
33.3%
Ratio of the thickness of the mucous gland layer to the thickness of the wall between the epithelium and the carilage. Normal =0.4. Increased in Chronic bronchitis.
Reid index
33.3%
Most common primary lung tumor (95%). Number one cause of cancer death in both men and women. In 2006, approximately 172, 570 new lung cancer cases were diagnosed.
Bronchogenic carcinoma
33.3%
Usually appears as a gray-
white peripheral mass with pleural puckering. Tumor forms glands and may produce mucin. More common in women.
Adenocarcinoma
33.3%
Endobronchial polypoid obstructing mass or mucosal plaque. Appear in younger population than bronchogenic carcinomas. Mean age 40 years. Cough and hemoptysis presenting symptoms.
Carcinoid
33.3%
Intrathoracic tumor spread include spread into hilar lymph nodes, spread into contralateral lung, and _
_
_
_
_
_
_
syndrome.
Superior vena cava (SVC)
33.3%
10-
15% of all renal cell carcinomas. Often multifocal and bilateral.
Papillary Renal Cell Carcinoma
33.3%
5% of all renal cell carcinomas. Arise from intercalated cells of collecting ducts. Better prognosis than other renal cell carcinomas.
Chromophobe Renal Cell Carcinoma
33.3%
Three histologic components of Wilms tumor are stroma, blastema, and _
_
_
_
_
_
_
.
tubules
33.3%
DDx Chromophobe vs. Oncocytoma: Chromophobe is _
_
_
_
_
_
_
positive.
vimentin
33.3%
DDx Chromophobe vs. Oncocytoma:Oncocytoma is _
_
_
_
_
_
positive
Cathepsin H
33.3%
Subset of adenocarcinoma. Arises in the terminal bronchioles and alveoli. Typically peripheral gray-
white nodules. 'Lepidic' growth pattern is a typical feature.
Bronchiolo-Alveolar Carcinoma (BAC)
25%
The most common (95%) oral malignant tumor. Arises form foci of dysplastic epithelium.
Squamous cell carcinoma of the mouth
25%
Composed of nests and cords of uniform cells that have regular round nuclei with 'salt and pepper' chromatin, absent or rare mitoses and little pleomorphism.
Carcinoid
16.7%
Atypical carcinoid has increased _
_
_
_
_
_
_
rate, cellular pleiomorphism, tumor necrosis, and higher incidence of hilar lymph node and distant metastases.
mitotic
16.7%
Polypoid plugs of connective tissue in alveoli and bronchioli. Connective tissue is all of the same age in contrast to UIP. No honeycomb changes usually.
Cryptogenic Organizing Pneumonia (COP) aka BOOP
8.3%
Quiz Playlist
Details
Report
Send in Message
Add To Playlist
Classic:
Type in answers that appear in a list
Forced Order:
Answers have to be entered in order
Random Order:
Randomize order of answers
Last Updated: Feb 16, 2017
Quiz Scoreboard
CHALLENGE
Sign Up to Join the Scoreboard
Show All
Scores
Hide
Comments
May contain spoilers
Recently Published
9x9 Crossword: Cartoon Network
by jackfrog10
Miscellaneous
3m
College Basketball Coaching Resumes
by pancakes188
Sports
9m
Billboard Blitz: Fleetwood Mac
by CooCooCachoo
Music
15s
More to Explore
Quiz From the Vault
Featured Blog Post
Where Did the Easter Bunny Come From?
hide this ad
You Might Also Like...
Tags
2011
block
Extra
russell
Spring
Today's Top Quizzes in Science
Browse Science
hide this ad
Today's Top Quizzes in 2011
Browse 2011
Top Contributed Quizzes in Science
1
Quick Pick: Radians
2
Quick Pick: 'CI-CJ' Animals
3
The First 100 Digits of Pi
4
Elements In Images
5
One Thing in Common: Science
6
Science Jokes
7
One Thing in Common: Animals
8
One Thing in Common: Science II
9
Name the Acid, Base or Salt
10
One Thing in Common: Science III
Explore More
Trending Topics
NBA
Anime
Crossword
Disney
Harry Potter
Marvel
Kpop
Song
Pokémon
The Office
NFL
Country
WWE
Puzzle
Soccer
hide this ad
More By:
babydoctor
Quiz
Plays
Rating
Category
Featured
Created
Lower Limb Muscle Innervations
3,748
Science
Sep 17, 2011
Sensorineural Hearing Loss
1,853
Science
Nov 24, 2011
Congenital Heart Disease
696
5.00
Science
Mar 20, 2011
Lower Limb Anatomy
522
Science
Sep 16, 2011
Childhood Exanthems
443
Science
Apr 13, 2012
Go to Creator's Profile
Score Distribution
Quiz Creator Spotlight
babydoctor
Follow
Send a Message
Quizzes Created
-
Created Quiz Play Count
-
More By This Creator
Popular Quizzes Today
1
Find the US States - No Outlines Minefield
2
Find the Countries of Europe - No Outlines Minefield
3
The Countries of the World
4
Find the US States
5
Risky Map Clicking: Biggest States A-Z
6
US States
7
Popular People in 1961
8
Movies - When Are They Set?
More Science Quizzes
Science Medley 'F'
Editor's Pick
Trending Quizzes
Risky Map Clicking: Least Populous States A-Z
1-10 Letter G Words
1-10 Letter F Words
Risky Map Clicking: Next State Alphabetically
Adjectives in 80s TV Shows
Recently Updated
Leaping Animals
pecheneg
Reality TV Shows (A-Z)
bhenderson79
Rickey Henderson's Hall of Fame Teammates
pecheneg
Champions League XIs: Arsenal
pecheneg
Quick Pick: Celebrities in WWE's Hall of Fame
aduchscher
A-Z Keypad Blitz II
pecheneg
Multiple Oscar Actors
pecheneg
Mystery Phrase Blitz: Oscar 'Best Actors'
pecheneg
F. Scott Fitzgerald Novels
LTH
Pick 3 Villains
ddd62291
Trending Topics
Crossword
Marvel
Kpop
Anime
NBA
Harry Potter
Disney
NFL
WWE
Soccer
Song
Pokémon
Puzzle
Country
The Office
Your Account Isn't Verified!
In order to create a playlist on Sporcle, you need to verify the email address you used during registration. Go to your
Sporcle Settings
to finish the process.
Report this User
Report this user for behavior that violates our
Community Guidelines
.
Details:
Send Report
Go to the Sporcle.com Mobile Site →
Comments